000 00829nam a22002537a 4500
001 001297574
003 AR-RoUNCS
005 20260312114416.0
007 ta
008 131128s2000 sp gr 001 j spa
020 _a84-931100-8-6
040 _aAR-BaBN
_bspa
_cAR-RoUNCS
_eaacr
080 1 _a82-32(82)
_22016
100 1 _aCortázar, Julio,
_d1914-1984
_eautor
_4aut
245 1 4 _aLas armas secretas /
_cJulio Cortázar.
260 _aBarcelona :
_bSol 90 :
_bClarín,
_c2000.
300 _a136 p. ;
_c22 cm.
490 0 _aBiblioteca de la Literatura Universal
500 _aEn cubierta: Biblioteca Clarín, 4.
505 0 0 _aCartas a mamá -- Los buenos servicios -- Las babas del diablo -- EL perseguidor -- Las armas secretas.
650 7 _2embne
_aLiteratura argentina
655 7 _aCuentos
_2embne
942 _2udc
_cOG
_n0
999 _c963
_d963